Nalaganje...
Early childhood education
| Glavni avtor: | |
|---|---|
| Format: | Printed Book |
| Jezik: | English |
| Teme: |
| LEADER | 00347nam a2200109Ia 4500 | ||
|---|---|---|---|
| 008 | 101008s9999 xx 000 0 eng d | ||
| 100 | |a Spodek, Bernard | ||
| 245 | |a Early childhood education | ||
| 650 | |a Education | ||
| 942 | |c BK | ||
| 999 | |c 179226 |d 179226 | ||
| 952 | |0 0 |1 0 |4 0 |7 0 |9 198518 |a EDU |b EDU |c ST1 |d 2010-10-20 |i 612 |l 4 |p EDU612 |r 2018-06-28 |s 2018-03-06 |w 2010-10-20 |y BK | ||